| 000 | 00635nam a2200217 i 4500 | ||
|---|---|---|---|
| 001 | 45549 | ||
| 003 | ES-MaACL | ||
| 005 | 20230906161233.0 | ||
| 007 | t| | ||
| 008 | 030326s1985 sp ||||1| spa d | ||
| 020 | _a84-322-4560-7 | ||
| 100 | 1 |
_aCollange, Christiane. _939667 |
|
| 245 | 1 | 0 |
_aYo, tu madre / _cChristiane Collange ; traducción del francés por Juan L. Bassols. |
| 250 | _a1ª ed. | ||
| 260 |
_aBarcelona : _bSeix Barral, _c1985. |
||
| 300 |
_a188 p. ; _c19 cm. |
||
| 650 | 4 |
_aJóvenes- _xPsicología. _913956 |
|
| 650 | 0 | 0 |
_aPadres e hijos. _915785 |
| 700 | 1 |
_aBassols, Juan L. _926329 |
|
| 852 |
_aES-MaACL _jL-9001 |
||
| 999 |
_c45549 _d45549 |
||